<?xml version="1.0" encoding="UTF-8"?>
<record
    xmlns:xsi="http://www.w3.org/2001/XMLSchema-instance"
    xsi:schemaLocation="http://www.loc.gov/MARC21/slim http://www.loc.gov/standards/marcxml/schema/MARC21slim.xsd"
    xmlns="http://www.loc.gov/MARC21/slim">

  <leader>02623agaaa2200325   4500</leader>
  <controlfield tag="001">9440</controlfield>
  <controlfield tag="003">IT-RoPAU</controlfield>
  <controlfield tag="005">20220918181243.0</controlfield>
  <controlfield tag="007">d cvaizq</controlfield>
  <controlfield tag="008">50131s9999||||xx ||| |     ||   ||und||</controlfield>
  <datafield tag="040" ind1=" " ind2=" ">
    <subfield code="a">IT-RoPAU</subfield>
    <subfield code="c">IT-RoPAU</subfield>
  </datafield>
  <datafield tag="041" ind1=" " ind2=" ">
    <subfield code="a">ITALIANO</subfield>
  </datafield>
  <datafield tag="100" ind1=" " ind2=" ">
    <subfield code="a">Damiani Damiano</subfield>
    <subfield code="g">Codice regista SPICS: 7592</subfield>
    <subfield code="9">41060</subfield>
  </datafield>
  <datafield tag="130" ind1=" " ind2=" ">
    <subfield code="a">INCHIESTA (L')</subfield>
    <subfield code="9">46127</subfield>
  </datafield>
  <datafield tag="245" ind1=" " ind2=" ">
    <subfield code="a">INCHIESTA (L')</subfield>
    <subfield code="c">Prodotto da: Lucisano Fulvio -- Sceneggiatura: Damiani Damiano Bonicelli Vittorio -- Diretto da: Damiani Damiano</subfield>
    <subfield code="p">INCHIESTA (L') (Rif. Codice opera principale : H9440)</subfield>
  </datafield>
  <datafield tag="250" ind1=" " ind2=" ">
    <subfield code="a">Edizione Standard</subfield>
  </datafield>
  <datafield tag="260" ind1=" " ind2=" ">
    <subfield code="a">(ITALIA)</subfield>
    <subfield code="b">ITALIAN INT. FILM - CLESI / Distribuzione: RICORDI</subfield>
    <subfield code="g">"1986 (1&#xB0; ed.: 2010 ; Ed. Lingua Orig.: 1986)"</subfield>
  </datafield>
  <datafield tag="300" ind1=" " ind2=" ">
    <subfield code="a">DVD</subfield>
    <subfield code="b">sonoro, col.</subfield>
    <subfield code="c">104 minuti</subfield>
  </datafield>
  <datafield tag="508" ind1=" " ind2=" ">
    <subfield code="a">"Fotografia: Di Giacomo Franco; Montaggio: Meniconi Enzo; Musica: Ortolani Riz; Sceneggiatura: Damiani Damiano Bonicelli Vittorio; Scenografia: Fiorentini Enrico; Soggetto: Cecchi D'Amico Suso -- Flajano Ennio"</subfield>
  </datafield>
  <datafield tag="511" ind1=" " ind2=" ">
    <subfield code="a">"Carradine Keith; Keitel Harvey; Logan Phyllis; Infanti Angelo; Satri Lina; Bartoli L."</subfield>
  </datafield>
  <datafield tag="520" ind1=" " ind2=" ">
    <subfield code="a">"L'IMPERATORE TIBERIO INCARICA TAURO DI ANDARE IN PALESTINA E RITROVARE IL CORPO DI UN RIBELLE EBREO, GESU' DI NAZARETH, CROCIFISSO ANNI PRIMA, PER FAR CESSARE LE LEGGENDE SULLA SUA RESURREZIONE. L'INCHIESTA IMPERIALE SUSCITASCALPORE E ALLARME E MOLTI, TRA CUI PONZIO PILATO, SI CHIEDONO SE EFFETTIVAMENTE GLI SCOPI DI TAURO SIANO SOLO QUELLI DI RITROVARE IL CADAVERE DI UN GIUSTIZIATO. ANCHE LA MOGLIE DI PILATO, CLAUDIA, APPARE TURBATA DALLE RICERCHE DI TAURO E SI OFFRE DI ACCOMPAGNARLO AL SEPOLCRO DA CUI SPARI' IL CORPODI GESU'. RACCONTA ANCHE LA STORIA DI MARIA MADDALENA, CHE FU DISCEPOLA DEL NAZARENO ED ASSISTETTE ALLA SUA RESURREZIONE. TUTTE LE TESTIMONIANZE CHE TAURO RACCOGLIE RENDONO SEMPRE PIU' INSPIEGABILE LA SPARIZIONE DEL CORPO E,PROCEDENDO ANCORA NELLE INVESTIGAZIONI, TAURO CAPISCE CHE LA RAZIONALITA' NON BASTA A SPIEGARE IL MISTERO. CONTENUTI EXTRA: INTERVISTA AL PRODUTTORE FULVIO LUCISANO; GALLERIA FOTOGRAFICA; LOCANDINA AMERICANA; BIO-FILMOGRAFIEDI DAMIANO DAMIANI, KEITH CARRADINE, HARVEY KEITEL."</subfield>
  </datafield>
  <datafield tag="538" ind1=" " ind2=" ">
    <subfield code="a">PAL, STEREO</subfield>
  </datafield>
  <datafield tag="546" ind1=" " ind2=" ">
    <subfield code="a">ITALIANO</subfield>
  </datafield>
  <datafield tag="650" ind1=" " ind2=" ">
    <subfield code="a">RELIGIOSO - STORI</subfield>
    <subfield code="e">DVD-FILM [DVD]</subfield>
    <subfield code="x">Codice MATERIA SPICS: 9947</subfield>
    <subfield code="9">46128</subfield>
  </datafield>
  <datafield tag="700" ind1=" " ind2=" ">
    <subfield code="a">Cecchi D'Amico Suso </subfield>
    <subfield code="e">(soggetto)</subfield>
    <subfield code="g">Codice Soggetto SPICS: 7581</subfield>
    <subfield code="9">46129</subfield>
  </datafield>
  <datafield tag="700" ind1=" " ind2=" ">
    <subfield code="a">Damiani Damiano </subfield>
    <subfield code="e">(regista)</subfield>
    <subfield code="g">Codice regista SPICS: 7592</subfield>
    <subfield code="9">41060</subfield>
  </datafield>
  <datafield tag="700" ind1=" " ind2=" ">
    <subfield code="a">Flajano Ennio </subfield>
    <subfield code="e">(soggetto)</subfield>
    <subfield code="g">Codice Soggetto 2&#xB0; SPICS: 6603</subfield>
    <subfield code="9">46130</subfield>
  </datafield>
  <datafield tag="700" ind1=" " ind2=" ">
    <subfield code="a">Ortolani Riz</subfield>
    <subfield code="e">(musica)</subfield>
    <subfield code="g">Codice Musica SPICS: 11049</subfield>
    <subfield code="9">46131</subfield>
  </datafield>
  <datafield tag="942" ind1=" " ind2=" ">
    <subfield code="c">DV</subfield>
    <subfield code="2">ddc</subfield>
  </datafield>
  <datafield tag="999" ind1=" " ind2=" ">
    <subfield code="c">106298</subfield>
    <subfield code="d">106298</subfield>
  </datafield>
  <datafield tag="952" ind1=" " ind2=" ">
    <subfield code="0">0</subfield>
    <subfield code="1">0</subfield>
    <subfield code="4">0</subfield>
    <subfield code="6">H_9440_000000000000000</subfield>
    <subfield code="7">1</subfield>
    <subfield code="a">SPICS</subfield>
    <subfield code="b">SPICS</subfield>
    <subfield code="d">2015-01-31</subfield>
    <subfield code="l">0</subfield>
    <subfield code="o">H9440</subfield>
    <subfield code="r">2015-01-31 00:00:00</subfield>
    <subfield code="w">2015-01-31</subfield>
    <subfield code="y">DV</subfield>
    <subfield code="z">Progr. Ins.: 3889 / N.Vol.:1 / Copie: 1 / Pag.:0 / Copia rara: n.d. / date import: 1.2.2015 / By Epidotti, Trombetti, Vaglietti</subfield>
  </datafield>
</record>
